000 00789nam a2200241Ia 4500
003 OSt
005 20220918105408.0
006 a|||||r|||| 00| 0
007 ta
008 220915b |||||||| |||| 00| 0 are d
020 _a9.789E+12
_c12868.02
024 _a87,781
037 _b26935, 28/01/2009, Segment Book Distributors
_cReference Collections
040 _aARTS
_cARTS
_bare
041 _2are
_aare
082 _aP28k, P6.1-.5(RR)
100 _aVersteegh Kees
_91000
245 0 _aEncyclopedia of Arabic language and linguistics Vol. 4.
260 _c2008
650 _aENCYCLOPEDIAS AND DICTIONARIES
_977
942 _hP28k, P6.1-.5(RR)
_cREF
999 _c106691
_d106691